000 00801naa a2200217 4500
005 20090528114319.0
008 090528t xxu||||| |||| 00| 0 eng d
010 _aENG-93776
020 _a9788131305355
_c595.00
035 _aEN-77309
037 _bDBAD / PUB
040 _adpl
_bEnglish
082 _a280.24
100 _aMani, A.
245 _aReligious conversion:
_cby A. Mani
_bmyths and reality /
260 _aNew Delhi
_bAPH Publications
_c2009
270 _a4435-36/7, Ansari Road, Daryaganj
_bNew Delhi
_e110002
300 _axvi, 192p.
_c22cm(Hb)
942 _adpl
_cEN
_2ddc
_mMAN
_h280.24
999 _c26883
_d26883